| 000 | 00741nam a2200241 i 4500 | ||
|---|---|---|---|
| 001 | bg | ||
| 100 | 1 | _aROSCH, Winn L. | |
| 245 | 1 | 0 |
_aBiblia o multimediach / _cWinn L. Rosch ; tł. [z ang.] Piotr Barancewicz. |
| 246 | 1 | _aMultimedia od A do Z | |
| 260 |
_aWarszawa : _bIntersoftland, _c1997. |
||
| 300 |
_aXXVIII, 548 s. : _brys. ; _c24 cm. |
||
| 500 | _aTyt. okł.: Multimedia od A do Z: kompletny przewodnik po multimediach. | ||
| 500 | _aOryg.: "The Winn L. Rosch multimedia Bible" 1995. | ||
| 650 | 9 | _aMultimedia | |
| 655 | _aPodręczniki | ||
| 020 | _a8386861134 | ||
| 040 | _cBPK | ||
| 041 | 1 |
_apl _henen |
|
| 080 | _a004.032.6(07) | ||
| 920 | _a83-86861-13-4 | ||
| 942 | _cKS | ||
| 008 | s pl f |000 0 pol | ||
| 999 |
_c33089 _d33089 |
||
| 856 |
_uhttp://koha.tu.koszalin.pl/cgi-bin/koha/opac-detail.pl?biblionumber=33089 _yKatalog online BPK |
||